Statistics for All Sports Quiz

Click here to take the quiz!

General Stats

  • This quiz has been taken 7 times
  • The average score is 3 of 9

Answer Stats

HintAnswer% Correct
Who won the most recent NBA finalsDenver Nuggets
57%
What NFL Quarterback has the most yardsTom Brady
57%
What player has the most Home runs of all timeBarry Bonds
43%
What NBA player has the most ringsBill Russell
43%
What year was he NHL Founded1917
29%
What is a Gordie Howe Hat TrickA goal, assist, fight
29%
What is the largest state that does not have a professional sports teamVirginia
29%
How many records does Gretzky hold61
14%
Who was the first NHL player to hit 500 goalsMaurice Richard
14%

Score Distribution

Percentile by Number Answered

Percent of People with Each Score

Your Score History

You have not taken this quiz